TV Shows Cut Off At 'F' Quiz Stats

 Plays Quiz Updated Jun 20, 2018

Challenge
Share
Tweet
Embed
Score 0/24 Timer 06:00
4 Plays Today
Cut Off At 'F' TV Show % Correct
The SmurThe Smurfs
99%
This Is Your LiThis Is Your Life
98.1%
The Addams The Addams Family
94.3%
Wheel oWheel of Fortune
94.2%
The Oprah WinThe Oprah Winfrey Show
93.6%
SeinSeinfeld
92.6%
Kung Kung Fu
92%
The Partridge The Partridge Family
91.6%
Back to the Back To The Future
91.4%
ALALF
91.2%
All in the All in the Family
90.3%
The Tonight Show Starring JimmyThe Tonight Show Starring Jimmy Fallon
90.1%
Cut Off At 'F' TV Show % Correct
The Dukes oThe Dukes of Hazzard
89.8%
The Andy GriThe Andy Griffith Show
87.7%
Party oParty of Five
86.4%
Voyage to the Bottom oVoyage to the Bottom of the Sea
86.1%
I Dream oI Dream of Jeannie
84.2%
Picket Picket Fences
83.8%
Too CloseToo Close for Comfort
77.7%
ShaShaft
75.5%
Crazy Like aCrazy Like a Fox
74.1%
The Hogan The Hogan Family
68.8%
Mama's Mama's Family
68.6%
The Great Christmas Light The Great Christmas Light Fight
36.5%

You're not logged in!

Compare scores with friends on all Sporcle quizzes.
Join for Free
OR
Log In

You Might Also Like...

Show Comments

Extras

Top Quizzes Today


Score Distribution

Your Account Isn't Verified!

In order to create a playlist on Sporcle, you need to verify the email address you used during registration. Go to your Sporcle Settings to finish the process.

Report this User

Report this user for behavior that violates our Community Guidelines.

Details: